000 01597nam0a2200337 4500
001 RU\NLR\bibl\1491162
005 20260406073531.0
010 _a978-5-9985-0603-1
021 _aRU
_b2010-7655
_9503
035 _a(nilc)RSL-KNO-004580121
035 _a(NLR Aleph) 001482727
090 _a1713765
_c1713765
100 _a20100205d2010 |||y0rusy50 ca
101 1 _arus
_cfre
102 _aRU
105 _ay |||||||||
200 1 _aСтрах
_eфранцузская готическая проза
_f[пер. с фр. Е. Гунста и др.
_gкоммент.: Н. Полторацкая]
210 _aСанкт-Петербург
_cАзбука-классика
_d2010
215 _a316, [2] с.
_d18
225 1 _aАзбука-классика
327 1 _aСодерж.: Джуман; Локис: рукопись профессора Виттенбаха/ Проспер Мериме. Аррия Марцелла; Jettatura; Мадемуазель Дафна де Монбриан/ Теофиль Готье. Страх/ Ги де Мопассан. Тайна эшафота; Пытка надеждой/ Огюст Вилье де Лиль-Адан
686 _aШ5(4Фр)-644.5я43
_2rubbk
686 _aШ6(4Фр)57-440.5я43{Лх1647-80сб}
702 1 _4730
_aГунст
_bЕ. А.
_cпереводчик
_f1901-1983
_gЕвгений Анатольевич
_3RU\NLR\AUTH\770133221
_9133187
801 0 _aRU
_bРГБ
_c20100205
_grcr
801 1 _aRU
_bРГБ
_c20100205
801 2 _aRU
_bNLR
_c20100326
_grcr
942 _cBOOK
980 _aNB